The Wheel of Time - The Eye of the World Chapters - Statistics

General Stats
  • This quiz has been taken 63 times
  • The average score is 23 of 55
Answer Stats
Hint Answer % Correct
Ch. 5 Winternight
81%
Prologue Dragonmount
77%
Ch. 4 The Gleeman
77%
Ch. 35 Caemlyn
73%
Ch. 46 Fal Dara
69%
Ch. 10 Leavetaking
65%
Ch. 48 The Blight
65%
Ch. 3 The Peddler
65%
Ch. 26 Whitebridge
65%
Ch. 23 Wolfbrother
65%
Ch. 12 Across the Taren
58%
Ch. 19 Shadow's Waiting
54%
Prologue Ravens
50%
Ch. 2 Strangers
50%
Ch. 16 The Wisdom
50%
Ch. 24 Flight Down the Arinelle
46%
Ch. 18 The Caemlyn Road
46%
Ch. 25 The Traveling People
46%
Ch. 53 The Wheel Turns
46%
Ch. 50 Meetings at the Eye
42%
Ch. 9 Tellings of the Wheel
42%
Ch. 1 An Empty Road
38%
Ch. 20 Dust on the Wind
38%
Ch. 21 Listen to the Wind
38%
Ch. 38 Rescue
38%
Ch. 34 The Last Village
38%
Ch. 11 The Road to Taren Ferry
38%
Ch. 40 The Web Tightens
38%
Ch. 6 The Westwood
38%
Ch. 8 A Place of Safety
35%
Ch. 30 Children of Shadow
35%
Ch. 29 Eyes Without Pity
35%
Ch. 32 Four Kings in Shadow
35%
Ch. 7 Out of the Woods
35%
Ch. 44 The Dark Along the Ways
35%
Ch. 49 The Dark One Stirs
35%
Ch. 14 The Stag and Lion
35%
Ch. 51 Against the Shadow
31%
Ch. 47 More Tales of the Wheel
31%
Ch. 41 Old Friends and New Threats
31%
Ch. 31 Play for Your Supper
31%
Ch. 33 The Dark Waits
31%
Ch. 17 Watchers and Hunters
31%
Ch. 22 A Path Chosen
27%
Ch. 13 Choices
27%
Ch. 43 Decisions and Apparitions
27%
Ch. 28 Footprints in Air
27%
Ch. 27 Shelter from the Storm
27%
Ch. 15 Strangers and Friends
27%
Ch. 37 The Long Chase
27%
Ch. 39 Weaving of the Web
27%
Ch. 45 What Follows in Shadow
27%
Ch. 52 There is Neither Beginning nor End
23%
Ch. 36 Web of the Pattern
23%
Ch. 42 Remembrance of Dreams
19%
No matching quizzes found
Score Distribution
Percent of People with Each Score
Percentile by Number Answered
Your Score History
You have not taken this quiz